| 000 | 01012 a2200289 4500 | ||
|---|---|---|---|
| 001 | 200420515 | ||
| 003 | TR-AnTOB | ||
| 005 | 20240823145258.0 | ||
| 008 | 141114s tu 000 0 | ||
| 040 |
_aTR-AnTOB _btur _erda _cTR-AnTOB |
||
| 041 | 0 | _atur | |
| 050 | 0 | 0 |
_aHC495 _b.K36 2014 |
| 090 | _aHC495 .K36 2014 | ||
| 110 |
_aT.C. Kalkınma Bakanlığı _9106635 |
||
| 245 | 1 | 0 |
_a2014 Yılı Yatırım Programı : _bKamu Yatırımlarının İllere Göre Dağılımı / _cT.C. Kalkınma Bakanlığı,. |
| 264 |
_aAnkara : _bT.C. Kalkınma Bakanlığı, _c2014 |
||
| 300 |
_a113 sayfa : _bgraf. tab. _c27 cm |
||
| 336 |
_atext _2rdacontent |
||
| 337 |
_aunmediated _2rdamedia |
||
| 338 |
_avolume _2rdacarrier |
||
| 505 | _aDünya ekonomisinde gelişmeler 2015 yılı programının makroekonomik amacı | ||
| 650 | 0 |
_aKamu yatırımları _zTürkiye _952867 |
|
| 651 | 7 |
_aTürkiye, Doğu _xEkonomik durum _2etuturkob _9124807 |
|
| 710 |
_aT.C. Kalkınma Bakanlığı _9106635 |
||
| 942 |
_cBK _2lcc |
||
| 999 |
_c200420515 _d36821 |
||